Evaluation de la pratique du test de contrôle ultime au lit du malade dans quatre centres hospitaliers de Cotonou. (Record no. 48075)
[ view plain ]
| 000 -LEADER | |
|---|---|
| fixed length control field | 00502nam a22001697a 4500 |
| 003 - CONTROL NUMBER IDENTIFIER | |
| control field | 0 |
| 005 - DATE AND TIME OF LATEST TRANSACTION | |
| control field | 20160609165949.0 |
| 008 - FIXED-LENGTH DATA ELEMENTS--GENERAL INFORMATION | |
| fixed length control field | 101103t xxu||||| |||| 00| 0 eng d |
| 040 ## - SOURCE DU CATALOGAGE | |
| Original cataloging agency | BUAC |
| Transcribing agency | BEPAC |
| 100 ## - VEDETTE PRINCIPALE - NOM DE PERSONNE | |
| Personal name | Ablet, Evelyne L. |
| 9 (RLIN) | 10436 |
| 130 ## - VEDETTE PRINCIPALE - TITRE UNIFORME | |
| Language of a work | fr |
| 9 (RLIN) | 10437 |
| 245 ## - TITLE STATEMENT | |
| Title | Evaluation de la pratique du test de contrôle ultime au lit du malade dans quatre centres hospitaliers de Cotonou. |
| 260 ## - PUBLICATION, DISTRIBUTION, ETC. (IMPRINT) | |
| Place of publication, distribution, etc | UAC-EPAC |
| Name of publisher, distributor, etc | UAC-EPAC |
| Date of publication, distribution, etc | 2006 |
| 300 ## - PHYSICAL DESCRIPTION | |
| Extent | XIX-76p. |
| 650 ## - SUBJECT ADDED ENTRY--TOPICAL TERM | |
| Topical term or geographic name as entry element | EVALUATION |
| 9 (RLIN) | 10438 |
| 942 ## - ADDED ENTRY ELEMENTS (KOHA) | |
| Koha item type | Thèse et Memoire |
| Withdrawn status | Lost status | Damaged status | Not for loan | Location (home branch) | Sublocation or collection (holding branch) | Date acquired | Source of acquisition | Koha issues (times borrowed) | Koha full call number | Piece designation (barcode) | Koha date last seen | Copy number | Price effective from | Koha item type |
|---|---|---|---|---|---|---|---|---|---|---|---|---|---|---|
| Bibliothèque Ecole Polytechnique d'Abomey-Calavi | Bibliothèque Ecole Polytechnique d'Abomey-Calavi | 03/11/2010 | Dépot légal | 26/ABM/ABL | M16034 EPAC | 03/11/2010 | 1 | 03/11/2010 | Thèse et Memoire | |||||
| Bibliothèque Ecole Polytechnique d'Abomey-Calavi | Bibliothèque Ecole Polytechnique d'Abomey-Calavi | 03/11/2010 | Dépot légal | 26/ABM/ABL | M16035 EPAC | 03/11/2010 | 2 | 03/11/2010 | Thèse et Memoire | |||||
| Bibliothèque Ecole Polytechnique d'Abomey-Calavi | Bibliothèque Ecole Polytechnique d'Abomey-Calavi | 03/11/2010 | Dépot légal | 26/ABM/ABL | M16036 EPAC | 03/11/2010 | 3 | 03/11/2010 | Thèse et Memoire |